00752nam a2200241 a 4500001001300000003000900013005001700022008004100039020002600080082001800106100001900124245004800143260004300191300000900234500003500243505002400278650004000302700001900342902000800361942000700369952011900376999001500495nice12345678IN_TiNIC20260116013053.0050524s1996 lona grp 000 0 eng  a0415201 c974.2500a949.7024bDAV aDavis, G Scott aReligion and Justice in the War Over Bosnia aLondon bRoutledge Chapman Hall c1996 a181p aincludes index and biblioraphy2 areference and notes aBosnia and Herzegovina-History-19921 aDavis, G Scott bSRS cBK 001040708StackRoom-aHMIbHMId2007-04-02g974.25l0o949.7024 DAVp018271r2007-04-02v974.25w2005-05-24yBK c9527d9527